| 000 | 00741nam a2200217Ia 4500 | ||
|---|---|---|---|
| 005 | 20240530110928.0 | ||
| 008 | 140319s2006 ua 000 0 ara d | ||
| 040 |
_aGCL / _cGCL |
||
| 082 | 0 | 4 |
_a910.133\ _bم ج |
| 100 | 0 | _aمحمد خميس الزوكة | |
| 245 | 1 | 0 |
_aجغرافية النقل والتجارة / _cمحمد خميس الزوكة |
| 250 | _aط. 1 | ||
| 260 |
_aالاسكندرية : _bدار المعرفة الجامعية، _c2006 |
||
| 300 |
_a367 ص. ؛ _c24 سم. |
||
| 650 | 0 | 4 | _aالنقل |
| 650 | 0 | 4 | _aالجغرافيا الاقتصادية |
| 650 | 0 | 4 |
_aالقوافل _xطرق |
| 650 | 0 | 4 | _aالجغرافيا الطبيعية |
| 942 |
_2ddc _cBK |
||
| 999 |
_c66596 _d66596 |
||